Statistics for DDLC Your Reality Lyrics

Click here to take the quiz!

General Stats

  • This quiz has been taken 73 times
  • The average score is 167 of 210

Answer Stats

Lyrics
% Correct
I
100%
a
95%
can
95%
dark
95%
in
95%
In
95%
me?
95%
me
95%
you
95%
you,
95%
you.
95%
your
95%
an
91%
and
91%
And
91%
be
91%
be.
91%
day?
91%
day,
91%
Every
91%
flows
91%
future
91%
hand,
91%
hand;
91%
hear
91%
imagine
91%
ink
91%
into
91%
Is
91%
is
91%
just
91%
"Just
91%
my
91%
of
91%
pen
91%
poem
91%
puddle.
91%
the
91%
The
91%
to
91%
way
91%
where
91%
who
91%
with
91%
Write
91%
write
91%
do
86%
find
86%
find,
86%
heart!"
86%
his
86%
it
86%
move
86%
special
86%
take
86%
that
86%
this
86%
What
86%
will
86%
world
86%
choices,
82%
down
82%
infinite
82%
But
77%
today?
77%
assignment
73%
everybody
73%
for
73%
found
73%
Have
73%
have
73%
can't
68%
fun
68%
we
68%
When
68%
when
68%
all?
64%
are
64%
here,
64%
you're
64%
anyway.
59%
even
59%
everything
59%
them
59%
ending,
55%
feelings,
55%
If
55%
if
55%
own
55%
reality,
55%
reality?
55%
words
55%
Does
50%
good
50%
love
50%
only
50%
read
50%
says
50%
smile
50%
won't
50%
bitter
45%
dear
45%
how
45%
How
45%
leave
45%
those
45%
don't
41%
free?
41%
I'll
41%
set
41%
know
36%
Or
36%
call
32%
heartbeat,
32%
sound
32%

Score Distribution

Percentile by Number Answered

Percent of People with Each Score

Your Score History

You have not taken this quiz